Littérature - L'humain et ses limites (2) - Statistiques

Statistiques générales
  • Ce quiz a été pris 11 fois
  • Le résultat moyen est 3 sur 17
Statistiques - réponses
Hint Réponse % Correct
Dans quel roman un pêcheur traque sans relâche un poisson en s'épuisant, se dévitalisant, en transgressant sa finitude ? Le vieil homme et la mer
67%
Quel oeuvre peut-on y associer, où un baleinier traque un cachalot blanc à travers le monde entier en oubliant ses limites physiques ? Moby Dick
67%
Quel roman de Zola décrit le train et le progrès technique par une déshumanisation à travers les yeux du personnage de Tante Phasie ? La bête humaine
56%
Quel personnage empoisonne Tante Phasie chaque jour à petite dose ? Jacques Lantier
33%
Pour quel philosophe le visage est-il le fondement de l'humanité, le médiateur de la relation à autrui ? Levinas
22%
Naturelle
22%
Quel roman de Maylis de Kerangal suit le parcours d'un coeur greffé ? Réparer les vivants
22%
En quelle année ce roman est-il publié ? 1890
11%
Quel est le théoricien de la "responsabilité collective" face aux nouveaux enjeux climatiques et aux menaces de la technique ? Hans Jonas
11%
Quelle oeuvre de Philippe Lançon, survivant des attentats de Charlie Hebdo, raconte ses traumatismes physiques et moraux ? Le lambeau
11%
Quel film de 2025 réalisé par Bong Joon Ho raconte l'histoire d'un personnage dont les souvenirs sont transplantés dans un nouveau corps identique au sien à chaque fois qu'il meurt ? Mickey 17
11%
Quel est le théoricien de l'autolimitation ? Castoriadis
0%
Quel philosophe théorise le retour de la barbarie au XXIe siècle ? Delpech
0%
Historique
0%
Qui en est l'auteur ? Kazuo Ishiguro
0%
Quel roman de science-fiction décrit l'histoire de robots que l'on appelle AA, Amis Artificiels ? Klara et le soleil
0%
Quels sont les trois types de catastrophe ? Technologique
0%
Aucun quiz correspondant
Distribution des résultats
% des personnes avec chaque résultat
Percentile par nombre de réponses
Votre historique - résultats
Vous n’avez pas pris ce quiz